| 000 | 01237nam a2200349 a 4500 | ||
|---|---|---|---|
| 001 | 2619478 | ||
| 005 | 20220326193325.0 | ||
| 008 | 980120s1997 sp a b 000 0 spa | ||
| 010 | _a 98105311 | ||
| 020 | _a8474818672 | ||
| 035 | _a(SpBaP)pu 970013494 | ||
| 040 |
_aDLC _cDLC |
||
| 041 | 1 |
_aspa _heng |
|
| 082 | 0 | 0 |
_221 _a779.092 _bM 559m |
| 100 | 1 |
_aTorre, Milagros de la _92820 |
|
| 245 | 1 | 0 |
_aMilagros de la Torre. (1997) _cMerewether, Charles; Villacorta Chavez, Jorge |
| 250 | _a1. ed. | ||
| 260 |
_aSalamanca : _bUniversidad de Salamanca, _c1997. |
||
| 300 |
_a93 p. : _bill., photos. ; _c28 cm. |
||
| 440 | 0 |
_aCampo de Agramante ; _v19 _92821 |
|
| 500 | _aEnglish and Spanish. | ||
| 504 | _aIncludes bibliographical references. | ||
| 600 | 1 | 0 |
_aTorre, Milagros de la. _92822 |
| 650 | 0 |
_aPhotography, Artistic. _92823 |
|
| 653 | _aFotografías. | ||
| 653 |
_aTorre, Milagros de la _aFotografías. |
||
| 653 |
_aCriminología _aPruebas _aFotografías. |
||
| 653 |
_aCuerpo del delito _aFotografías. |
||
| 700 |
_aCharles Merewether ; Jorge Villacorta Chavez _92824 |
||
| 906 |
_a7 _bcbc _corignew _d3 _encip _f19 _gy-gencatlg |
||
| 999 |
_c628 _d628 |
||